| 000 | 01128pam a2200313 a 4500 | ||
|---|---|---|---|
| 001 | 534631 | ||
| 003 | NUST - PNEC | ||
| 005 | 20170116180834.0 | ||
| 008 | 871217s1989 nyua 000 0 eng | ||
| 010 | _a 87035348 | ||
| 020 | _a0070552215 (pbk.) | ||
| 020 | _a0070991340 | ||
| 040 |
_aDLC _cLIBRARY _dDLC |
||
| 050 | 0 | 0 |
_aQA297 _b.S37 1989 |
| 082 | 0 | 0 | _a519.4 SCH |
| 100 | 1 |
_aScheid, Francis, _d1920-2011. |
|
| 245 | 1 | 0 |
_aSchaum's outline of theory and problems of numerical analysis / _cby Francis Scheid. |
| 250 | _a2nd ed. | ||
| 260 |
_aNew York : _bMcGraw-Hill, _c1989. |
||
| 300 |
_a471 p. : _bill. ; _c28 cm. |
||
| 440 | 0 |
_aSchaum's outline series. _pPNECSchaum's outline series in mathematics |
|
| 650 | 0 |
_aNumerical analysis _vProblems, exercises, etc. _xME |
|
| 740 | 0 | _aTheory and problems of numerical analysis. | |
| 740 | 0 | _aNumerical analysis. | |
| 856 | 4 | 2 |
_3Publisher description _uhttp://www.loc.gov/catdir/description/mh022/87035348.html |
| 856 | 4 | 1 |
_3Table of contents _uhttp://www.loc.gov/catdir/toc/mh021/87035348.html |
| 906 |
_a7 _bcbc _corignew _d1 _eocip _f19 _gy-gencatlg |
||
| 942 |
_2ddc _cBK |
||
| 999 |
_c64124 _d64124 |
||